<?xml version="1.0" encoding="UTF-8"?>
<record
    xmlns:xsi="http://www.w3.org/2001/XMLSchema-instance"
    xsi:schemaLocation="http://www.loc.gov/MARC21/slim http://www.loc.gov/standards/marcxml/schema/MARC21slim.xsd"
    xmlns="http://www.loc.gov/MARC21/slim">

  <leader>01142nam a22002417a 4500</leader>
  <controlfield tag="003">NALT</controlfield>
  <controlfield tag="005">20240709154025.0</controlfield>
  <controlfield tag="008">      s2553    th                1 tha d</controlfield>
  <datafield tag="020" ind1=" " ind2=" ">
    <subfield code="a">9789740206866</subfield>
  </datafield>
  <datafield tag="040" ind1=" " ind2=" ">
    <subfield code="a">NALT</subfield>
  </datafield>
  <datafield tag="041" ind1="1" ind2=" ">
    <subfield code="a">tha</subfield>
    <subfield code="h">chi</subfield>
  </datafield>
  <datafield tag="090" ind1=" " ind2=" ">
    <subfield code="a">FIC</subfield>
    <subfield code="b">&#xE09;499&#xE15; 2553 </subfield>
  </datafield>
  <datafield tag="100" ind1="0" ind2=" ">
    <subfield code="a">&#xE40;&#xE09;&#xE35;&#xE22;&#xE19;&#xE40;&#xE22;&#xE35;&#xE48;&#xE22;&#xE19;&#xE0A;&#xE34;&#xE27;</subfield>
    <subfield code="9">33098</subfield>
  </datafield>
  <datafield tag="245" ind1="1" ind2="0">
    <subfield code="a">&#xE15;&#xE35;&#xE4B;&#xE40;&#xE2B;&#xE23;&#xE34;&#xE19;&#xE40;&#xE08;&#xE35;&#xE4B;&#xE22; &#xE19;&#xE31;&#xE01;&#xE2A;&#xE37;&#xE1A;&#xE04;&#xE39;&#xE48;&#xE1A;&#xE31;&#xE25;&#xE25;&#xE31;&#xE07;&#xE01;&#xE4C; &#xE40;&#xE25;&#xE48;&#xE21; 4 /</subfield>
    <subfield code="c">&#xE40;&#xE09;&#xE35;&#xE22;&#xE19;&#xE40;&#xE22;&#xE35;&#xE48;&#xE22;&#xE19;&#xE0A;&#xE34;&#xE27;, &#xE40;&#xE02;&#xE35;&#xE22;&#xE19; ; &#xE40;&#xE23;&#xE37;&#xE2D;&#xE07;&#xE0A;&#xE31;&#xE22; &#xE23;&#xE31;&#xE01;&#xE28;&#xE23;&#xE35;&#xE2D;&#xE31;&#xE01;&#xE29;&#xE23;, &#xE41;&#xE1B;&#xE25;.</subfield>
  </datafield>
  <datafield tag="246" ind1="1" ind2="4">
    <subfield code="a">&#xE15;&#xE35;&#xE4B;&#xE40;&#xE2B;&#xE23;&#xE34;&#xE19;&#xE40;&#xE08;&#xE35;&#xE4B;&#xE22; &#xE19;&#xE31;&#xE01;&#xE2A;&#xE37;&#xE1A;&#xE04;&#xE39;&#xE48;&#xE1A;&#xE31;&#xE25;&#xE25;&#xE31;&#xE07;&#xE01;&#xE4C; &#xE40;&#xE25;&#xE48;&#xE21; 4 &#xE15;&#xE2D;&#xE19; &#xE41;&#xE01;&#xE30;&#xE23;&#xE2D;&#xE22;&#xE04;&#xE14;&#xE35;&#xE1B;&#xE25;&#xE49;&#xE19;&#xE40;&#xE01;&#xE25;&#xE37;&#xE2D;&#xE2B;&#xE25;&#xE27;&#xE07;.</subfield>
  </datafield>
  <datafield tag="260" ind1=" " ind2=" ">
    <subfield code="a">&#xE01;&#xE23;&#xE38;&#xE07;&#xE40;&#xE17;&#xE1E;&#xE2F; : </subfield>
    <subfield code="b">&#xE21;&#xE15;&#xE34;&#xE0A;&#xE19;, </subfield>
    <subfield code="c">2553.</subfield>
  </datafield>
  <datafield tag="300" ind1=" " ind2=" ">
    <subfield code="a">581 &#xE2B;&#xE19;&#xE49;&#xE32; ;</subfield>
    <subfield code="b"> </subfield>
    <subfield code="c">24 &#xE0B;&#xE21;.</subfield>
  </datafield>
  <datafield tag="650" ind1=" " ind2="4">
    <subfield code="a">&#xE19;&#xE27;&#xE19;&#xE34;&#xE22;&#xE32;&#xE22;&#xE08;&#xE35;&#xE19;</subfield>
    <subfield code="9">6389</subfield>
  </datafield>
  <datafield tag="700" ind1="0" ind2=" ">
    <subfield code="a">&#xE40;&#xE23;&#xE37;&#xE2D;&#xE07;&#xE0A;&#xE31;&#xE22; &#xE23;&#xE31;&#xE01;&#xE28;&#xE23;&#xE35;&#xE2D;&#xE31;&#xE01;&#xE29;&#xE23;</subfield>
    <subfield code="9">8732</subfield>
  </datafield>
  <datafield tag="850" ind1=" " ind2=" ">
    <subfield code="a">NALT</subfield>
  </datafield>
  <datafield tag="942" ind1=" " ind2=" ">
    <subfield code="c">FIC</subfield>
    <subfield code="2">local</subfield>
  </datafield>
  <datafield tag="996" ind1=" " ind2=" ">
    <subfield code="a">saiphon.d</subfield>
    <subfield code="b">CATSTF	</subfield>
    <subfield code="c">2024-07-09</subfield>
  </datafield>
  <datafield tag="999" ind1=" " ind2=" ">
    <subfield code="c">73060</subfield>
    <subfield code="d">73060</subfield>
  </datafield>
  <datafield tag="998" ind1=" " ind2=" ">
    <subfield code="j">104</subfield>
    <subfield code="k"> &#xE19;&#xE32;&#xE07;&#xE2A;&#xE32;&#xE27;&#xE2A;&#xE32;&#xE22;&#xE1D;&#xE19;  &#xE14;&#xE35;&#xE07;&#xE32;&#xE21;</subfield>
  </datafield>
  <datafield tag="952" ind1=" " ind2=" ">
    <subfield code="0">0</subfield>
    <subfield code="1">0</subfield>
    <subfield code="2">local</subfield>
    <subfield code="4">0</subfield>
    <subfield code="7">0</subfield>
    <subfield code="8">CFICSHT</subfield>
    <subfield code="a">NALT</subfield>
    <subfield code="b">NALT</subfield>
    <subfield code="c">FICSHT</subfield>
    <subfield code="d">2022-02-25</subfield>
    <subfield code="e">&#xE1A;&#xE23;&#xE34;&#xE08;&#xE32;&#xE04;</subfield>
    <subfield code="l">5</subfield>
    <subfield code="m">3</subfield>
    <subfield code="o">FIC &#xE09;499&#xE15; 2553 &#xE25;.4</subfield>
    <subfield code="p">3961200066</subfield>
    <subfield code="r">2023-08-04 00:00:00</subfield>
    <subfield code="s">2023-07-14</subfield>
    <subfield code="w">2017-06-09</subfield>
    <subfield code="y">FIC</subfield>
  </datafield>
</record>
